Introduction to industrial internet of things and industry 4.0 (Record no. 194470)
[ view plain ]
| 000 -LEADER | |
|---|---|
| fixed length control field | 00471nam a22001697a 4500 |
| 005 - DATE AND TIME OF LATEST TRANSACTION | |
| control field | 20230627162615.0 |
| 008 - FIXED-LENGTH DATA ELEMENTS--GENERAL INFORMATION | |
| fixed length control field | 230627b ||||| |||| 00| 0 eng d |
| 020 ## - INTERNATIONAL STANDARD BOOK NUMBER | |
| International Standard Book Number | 9781032146751 |
| 040 ## - CATALOGING SOURCE | |
| Transcribing agency | AACR2 |
| 082 ## - DEWEY DECIMAL CLASSIFICATION NUMBER | |
| Classification number | 004.165 MIS |
| 100 ## - MAIN ENTRY--PERSONAL NAME | |
| Personal name | Misra, Sudip and et.al. |
| 245 ## - TITLE STATEMENT | |
| Title | Introduction to industrial internet of things and industry 4.0 |
| 260 ## - PUBLICATION, DISTRIBUTION, ETC. | |
| Place of publication, distribution, etc. | Boca Raton |
| Name of publisher, distributor, etc. | CRC Press |
| Date of publication, distribution, etc. | 2023 |
| 300 ## - PHYSICAL DESCRIPTION | |
| Extent | 1006p. |
| 650 ## - SUBJECT ADDED ENTRY--TOPICAL TERM | |
| Topical term or geographic name entry element | Internet of things |
| 9 (RLIN) | 14516 |
| 942 ## - ADDED ENTRY ELEMENTS (KOHA) | |
| Source of classification or shelving scheme | |
| Koha item type | Books |
| Withdrawn status | Lost status | Source of classification or shelving scheme | Damaged status | Not for loan | Collection code | Home library | Current library | Shelving location | Date acquired | Total Checkouts | Full call number | Barcode | Date last seen | Cost, replacement price | Price effective from | Koha item type |
|---|---|---|---|---|---|---|---|---|---|---|---|---|---|---|---|---|
| Computer Science and Engineering | Central Library | Central Library | Book Cart | 06/27/2023 | 004.165 MIS | 24983 | 06/27/2023 | 1499.00 | 06/27/2023 | Books |